Traduction de vocabulaire en espagnol - les couleurs - Statistiques

Statistiques générales
  • Ce quiz a été pris 528 fois
  • Le résultat moyen est 11 sur 15
Statistiques - réponses
Hint Réponse % Correct
Noir Negro
95%
Rouge Rojo
95%
Blanc Blanco
94%
Bleu Azul
93%
Vert Verde
93%
Rose Rosa
85%
Jaune Amarillo
84%
Marron Marrón
82%
Orange Naranja
81%
Gris Gris
78%
Or Oro
59%
Violet Violeta
49%
Magenta Magenta
42%
Cyan Cian
19%
Turquoise Turquesa
14%
Aucun quiz correspondant
Distribution des résultats
% des personnes avec chaque résultat
Percentile par nombre de réponses
Votre historique - résultats
Vous n’avez pas pris ce quiz